Advances in experimental social psychology / edited by Bertram Gawronski, Department of Psychology, University of Texas at Austin, Austin, Texas, United States. (Record no. 22333)

000 -LEADER
fixed length control field 00822nam a2200181 4500
020 ## - INTERNATIONAL STANDARD BOOK NUMBER
ISBN 9780128245781
082 ## - DEWEY DECIMAL CLASSIFICATION NUMBER
Classification number 302.12
Item number Ad244 2021
245 ## - TITLE STATEMENT
Title Advances in experimental social psychology / edited by Bertram Gawronski, Department of Psychology, University of Texas at Austin, Austin, Texas, United States.
260 ## - PUBLICATION, DISTRIBUTION, ETC. (IMPRINT)
Place of publication Cambridge, Massachusetts :
Name of publisher Academic Press, an imprint of Elsevier,
Year of publication 2021.
300 ## - PHYSICAL DESCRIPTION
Number of Pages 1 online resource, xvii, 276 pages :
Other physical details illustrations.
490 ## - SERIES STATEMENT
Series statement Advances in experimental social psychology ; volume 63.
500 ## - GENERAL NOTE
General note Includes bibliographical references and index.
650 ## - SUBJECT ADDED ENTRY--TOPICAL TERM
Topical Term Social psychology - Research.
650 ## - SUBJECT ADDED ENTRY--TOPICAL TERM
Topical Term Experimental psychology - Research.
650 ## - SUBJECT ADDED ENTRY--TOPICAL TERM
Topical Term Interpersonal relations - Psychological aspects.
700 ## - ADDED ENTRY--PERSONAL NAME
Personal name Bertram Gawronski, editor.
942 ## - ADDED ENTRY ELEMENTS (KOHA)
Koha item type Electronic Books
Holdings
Source of acquisition Permanent Location Date acquired Collection code Koha item type Lost status Shelving location Withdrawn status Current Location Full call number
DonationCagayan State University - Carig Library2026-04-14E-BooksElectronic Books E-Resource Section Cagayan State University - Carig Library302.12 Ad244 2021

Cagayan State University University Library, Carig Campus
Tuguegarao City, Cagayan 3500 | www.csucarig.edu.ph

Powered by Koha